Higher education : (Record no. 59970)

MARC details
000 -LEADER
fixed length control field 00766nam a22002177a 4500
005 - DATE AND TIME OF LATEST TRANSACTION
control field 20111226113751.0
010 ## - LCCN (DPL NO)
LC control number ENG-104501
020 ## - INTERNATIONAL STANDARD BOOK NUMBER
International Standard Book Number 9788121210584
Terms of availability 750.00
035 ## - SYSTEM CONTROL NUMBER
System control number EN-88034
037 ## - SOURCE OF ACQUISITION
Source of stock number/acquisition DBAD/PUB
082 ## - DEWEY DECIMAL CLASSIFICATION NUMBER
Classification number 378
245 00 - TITLE STATEMENT
Title Higher education :
Statement of responsibility, etc edited by S.M.Paul Khurana [and] P.K.Singhal
Remainder of title quality and management /
260 ## - PUBLICATION, DISTRIBUTION, ETC. (IMPRINT)
Place of publication, distribution, etc New Delhi
Name of publisher, distributor, etc Gyan Publishing House
Date of publication, distribution, etc 2010
270 ## - ADDRESS
Address 23, Main Ansari Road, Darya Ganj
City New Delhi
Postal code 110002
300 ## - PHYSICAL DESCRIPTION
Extent 448p.
Dimensions 22cm (Hb)
500 ## - GENERAL NOTE
General note Includes index
700 ## - ADDED ENTRY--PERSONAL NAME
Personal name Khurana, S.M.Paul
9 (RLIN) 37583
700 ## - ADDED ENTRY--PERSONAL NAME
Personal name Singhal, P.K.
9 (RLIN) 37584
942 ## - ADDED ENTRY ELEMENTS (KOHA)
Source of classification or shelving scheme Dewey Decimal Classification
Item type English Books
Call number suffix HIG
Holdings
Withdrawn status Lost status Not for loan Collection code Home library Current library Date acquired Source of acquisition Cost, normal purchase price Full call number Barcode Copy number Cost, replacement price Koha item type
    Not For Loan Non-fiction D.B.Act.Division D.B.Act.Division 26/12/2011 DBAD / PUB 750.00 378 HIG EN-88034 1 750.00 English Books

© Delhi Public Library
Hit Counter
free hit counter